Leda Papakonstantinou : performance, film, video 1969-2004 = Λήδα Παπακωνσταντίνου : performance, film, video 1969-2004

Αποθηκεύτηκε σε:
Λεπτομέρειες βιβλιογραφικής εγγραφής
Άλλοι συγγραφείς: Potter, Sally (Συγγραφέας εισαγωγής κ.λπ.), Σαρόγλου, Ελένη (Επιμελητής έκδοσης)
Μορφή: Βιβλίο
Γλώσσα:Greek
English
Δημοσίευση: Αθήνα : Cube editions, 2005.
Θέματα:
Ετικέτες: Προσθήκη ετικέτας
Δεν υπάρχουν, Καταχωρήστε ετικέτα πρώτοι!

MARC

LEADER 00000cam a2200000 i 4500
001 1/105207
008 090519s2005####gr | | ||| |||| ||gre||
020 |a 9608735475  
035 |l 10104729 
040 |a GR-MY-UA  |b gre  |e aacr 
041 0 |a gre  |a eng 
082 0 |a 700.92   |2 (22)  
245 1 0 |a Leda Papakonstantinou :   |b performance, film, video 1969-2004 = Λήδα Παπακωνσταντίνου : performance, film, video 1969-2004 /  |c forword / πρόλογος Sally Potter ; [επιμέλεια έκδοσης: Ελένη Σαρόγλου].  
246 1 |i Παράλληλος τίτλος:   |a Λήδα Παπακωνσταντίνου :   |b performance, film, video 1969-2004  
260 |a Αθήνα :   |b Cube editions,   |c 2005.  
300 |a 115 σ.;  |b εικ., ασπρ.;  |c 20 εκ. 
504 |a Περιέχει βιογραφικό σημείωμα: σ. 111-[116] 
600 1 0 |a Παπακωνσταντίνου, Λήδα,   |d 1945- 
650 0 0 |a Artists  |z Greece  |y 20th century  |x Exhibitions. 
650 0 0 |a Art, Modern  |y 20th century  |z Greece  |v Exhibitions. 
650 0 0 |a Art, Greek  |y 20th century  |x Periodicals. 
650 0 0 |a Performance art. 
650 0 0 |a Video art. 
700 1 |a Potter, Sally.  |4 aui 
700 1 |a Σαρόγλου, Ελένη.  |4 edt 
852 |a INST  |b LESVOS  |e 20090519  |h 700.92 LED  |p 005100045030  |q 005100045030  |t BK  |y 0 
901 |a BIBL1-2009-2 
909 |a Λ  |b 158817 
970 |a ΚΑΡΑ  |b ΓΙΑΣΕΜΗ  |z 2009/05/19